Alternativas pedagógicas; sujetos y prospectiva de la educación latinoamericana /

Guardado en:
Autor Principal: Puiggrós, Adriana
Otros Autores: Gómez, Marcela
Formato: Libro
Publicado: Buenos Aires : Mi¤o y D vila, 1994
Materias:
Etiquetas: Agregar Etiqueta
Sin Etiquetas, Sea el primero en etiquetar este registro!
LEADER 00671nam a22002175a 4500
001 CEM.cems008557
005 20071016145157.0
008 130507s1994##################000#0#####d
003 CEMS
082 0 4 |a 370.980 
100 1 |a Puiggrós, Adriana 
245 1 0 |a Alternativas pedagógicas; sujetos y prospectiva de la educación latinoamericana / 
260 |a Buenos Aires :  |b Mi¤o y D vila,  |c 1994 
300 |a 344 p. 
653 |a America latina-educacion 
653 |a Educacion 
653 |a Educacion comparada 
653 |a Educacion latinoamericana 
653 |a Pedagogia 
700 1 |a Gómez, Marcela 
859 |a CEMS  |b BIB. CEMS - 11 de abril  |h 370.980  |i P964-2  |p 17945.94  |t Ej.1